[Event "Abu Dhabi op 25th"]
[Site "Abu Dhabi"]
[Date "2018.08.12"]
[Round "6"]
[White "Saduakassova, Dinara"]
[Black "Karthikeyan, Murali"]
[Result "0-1"]
[WhiteElo "2495"]
[BlackElo "2609"]
[Annotator "Karthikeyan,M"]
[PlyCount "118"]
[EventDate "2018.08.07"]
[EventType "swiss"]
[EventRounds "9"]
[EventCountry "UAE"]
[SourceTitle "CBM 185 Extra"]
[Source "ChessBase"]
[SourceDate "2018.07.29"]
[SourceVersion "1"]
[SourceVersionDate "2018.07.29"]
[SourceQuality "1"]

1. d4 Nf6 2. c4 g6 3. g3 Bg7 4. Bg2 O-O 5. Nc3 d6 6. Nf3 c5 7. O-O Nc6 8. dxc5
dxc5 9. Bf4 Nh5 10. Be3 b6 11. Qc1 Bb7 12. Rd1 Qc8 13. Bh6 Rd8 14. Nd5 $6 (14.
Rxd8+ {is an interesting option.} Qxd8 15. Bxg7 Nxg7 $132 {Black must be fine.}
) (14. Bxg7 Rxd1+ $1 (14... Nxg7 $2 15. Nd5 $14 {As the f6 square is
unprotected, Black can't play e6.}) (14... Kxg7 15. Qe3 $14) 15. Qxd1 Kxg7 $11)
14... Bh8 {Playing this move looked very scary as you can see the position of
Kg8! but White cannot use this.} (14... e6 {is also fine} 15. Bxg7 exd5 (15...
Kxg7 16. Qc3+ Kg8 (16... f6 17. Bh3 $16 {this looks very annoying}) 17. Ne3 $14
{White has potential edge.} (17. Nf6+ Nxf6 18. Qxf6 Rd7 $11)) 16. Bh6 d4 $11 {
this might be equal but not easy to play after giving the bishop for no reason.
}) 15. Bg5 (15. Qe3 e6 16. Nc3 (16. Bh3 Bxb2 17. Rab1 Bh8 $17 {Surprisingly
White has nothing.}) 16... Nd4 $11) 15... Re8 (15... Rd7 {is an interesting
option.} 16. Qe3 (16. Bh3 e6 17. g4 exd5 18. gxh5 Nd4 19. Nxd4 cxd4 $15 {
and Black has no problems.}) 16... e6 (16... Bxb2 17. Rab1 Bg7 18. Bxe7 Qe8 19.
Bh4 $11) 17. Nc3 Bd4 18. Qc1 f6 $15) 16. Qd2 $6 (16. Qe3 Bxb2 17. Rab1 Bh8 $17)
(16. Rb1 $5 {White should just play for a3-b4 plans now.} Nf6 17. Qf4 (17. a3
Nd4 18. Nxd4 cxd4 19. Bxf6 Bxf6 20. Nxf6+ exf6 21. Bxb7 Qxb7 $11) 17... Nxd5
18. cxd5 e5 $132 {and black is fine}) 16... e6 17. Nc3 (17. Bh3 f5 18. Nc3 Nf6
$15) 17... Nd4 $6 (17... Bxc3 $1 {Is a very nice move which is easy to ignore.}
18. bxc3 (18. Qxc3 e5 {[%cal Gc6d4]} 19. e4 (19. h3 Nd4 $15) (19. e3 f6 $17 {
[%csl Yg5]}) 19... f6 20. Bh6 Ng7 $15 {[%cal Gg7e6,Ge6d4] Here, Black has d4
square so it's good to give that bishop for the knight.}) 18... e5 $15 {
As there are no targets for White on the kingside, Black is clearly better due
to the weakness of doubled pawns.}) 18. Nxd4 cxd4 19. Ne4 $6 (19. Bxb7 Qxb7 20.
Nb5 f6 21. Bh6 Red8 $11) 19... Qd7 20. Qb4 {Actually Nd6 is not a threat.} (20.
g4 f5 21. gxh5 fxe4 $15) 20... Reb8 $6 (20... e5 {could be played.} 21. Nc5 (
21. Nd6 Bxg2 22. Nxe8 Bc6 23. Nd6 Bg7 $19) 21... bxc5 22. Qxb7 Qxb7 23. Bxb7
Rab8 24. Bc6 Rec8 25. Bb5 Nf6 $15) (20... Bg7 21. Nd6 Bxg2 22. Nxe8 $16 {
[%csl Yg7]}) (20... Rab8 21. Qd6 Qc8 22. Qa3 Bxe4 23. Bxe4 Qxc4 24. Qf3 $44)
21. Qb5 $6 (21. Qd6 Qxd6 22. Nxd6 Bxg2 23. Kxg2 Bg7 $11) 21... Qc7 22. Rac1 a6
$6 (22... f5 23. Nd2 Bxg2 24. Kxg2 Bg7 $15 {= now Black will get the same but
White wont have c5.} (24... a6 25. Qb3 {transposes to game})) 23. Qb3 f5 24.
Nd2 (24. c5 Bxe4 $17) 24... Bxg2 25. Kxg2 Bg7 26. Nf3 $6 (26. c5 {is directly
equal.} Qc6+ (26... bxc5 27. Qxe6+ $14) 27. Qf3 Qxf3+ 28. Nxf3 bxc5 29. Rxc5
Rxb2 30. Nxd4 Rxa2 (30... h6 31. Bc1 $14) 31. Nxe6 Rxe2 32. Nxg7 Nxg7 $11)
26... h6 27. Bd2 $6 (27. c5 bxc5 (27... hxg5 28. cxb6 Qd7 (28... Qxb6 29. Rc8+
$18 {the point!}) 29. Nxg5 $14) 28. Qxe6+ Kh7 29. b3 $11) 27... Qc6 {Already
White has to search for plans now.} 28. Be1 $2 (28. Kg1 Kh7 29. Ne1 e5 30. e3
$132) 28... Kh7 (28... e5 29. c5+ $14) 29. a4 (29. c5 bxc5 30. Qc4 Rxb2 $17)
29... e5 30. Kg1 Rd8 31. c5 (31. Nd2 e4 $17) (31. a5 $5 bxa5 32. Bxa5 Rab8 $17)
31... bxc5 32. Qf7 (32. Qc4 Rd5 $17) 32... Qd5 $6 {This looks like a human
move but Rd5 is stronger.} (32... Rd5 33. Nd2 (33. b4 Rf8 {this should be over
here} 34. b5 (34. Qe7 c4 $19) 34... axb5 35. axb5 Rxf7 36. bxc6 Rc7 $19 {
and black is two pawns up}) 33... Nf6 $17) 33. Qxd5 (33. Qe7 Rac8 $19) 33...
Rxd5 34. Nd2 Rb8 35. Nc4 Nf6 36. Ba5 (36. a5 Rb5 $19) 36... e4 (36... Nd7 $4
37. Ne3 {oops} Rd6 38. Bc7 $16) 37. f3 Rb3 38. Kf2 Rd7 39. Ne5 Rd5 {When you
have a chance for repeating, its better to repeat so that you can get some
more time!} 40. Nc4 h5 41. h3 Bh6 42. Rc2 Nd7 (42... f4 43. g4 Bg5 {should
also win easily.}) 43. Kg2 Ne5 (43... exf3+ 44. exf3 Ne5 45. Nb6) 44. fxe4 (44.
Nb6 d3 $19) 44... Nxc4 45. Rxc4 (45. exd5 Ne3+ 46. Kh2 Nxc2 47. d6 Rb7 $19)
45... fxe4 46. Rb1 Be3 47. Be1 Bg5 48. h4 Bf6 49. Bf2 Kg7 50. Kf1 Be5 51. Kg2
Kf6 (51... g5 52. Rbc1 (52. hxg5 Bxg3 53. Rxc5 (53. Bxg3 Rxg5 $19) 53... Rxc5
54. Bxd4+ Re5 $19) 52... Bd6 $19 {is also possible.}) 52. Rc2 Ke6 53. Rc4 Kf5
54. a5 Kg4 55. e3 Kf5 56. Bg1 Ke6 (56... d3 57. Rf1+ Ke6 58. Rxe4 Rxb2+ 59. Kh3
d2 60. Rd1 Rc2 {also wins.}) 57. Kh3 Kd6 58. Kg2 d3 59. Rxe4 Rxb2+ 0-1